Léčba obézního diabetika

Bibliographic Details
Main Author: Svačina, Štěpán, 1952- (Author)
Format: Article
Language:Czech

MARC

LEADER 00000nab a2200000uu 4500
001 vtls011150964
003 SK-MaSNL
005 20260303121339.0
008 230131|2010 xo |||||||||||||||||cze|
015 |a SNBRB 
035 |a (urnnbn)urn:nbn:sk:snk:ar-a0a0pi 
035 |a (uuid)7539f14a-b812-4f0a-b755-d08b23a77355 
035 |a urn:nbn:sk:snk-abb0hx 
040 |a SNKBUCL  |b slo  |c SNKBUCL  |e AACR2 
041 0 |a cze 
044 |a xo  |c SK 
100 1 |a Svačina, Štěpán,  |d 1952-  |4 aut  |9 305855 
245 1 0 |a Léčba obézního diabetika  |c Š. Svačina 
246 3 |a Treatment of an obese diabetic 
773 0 |t Vnitřní lékařství : časopis Internistické sekce Československé lékařské společnosti J. E. Purkyně  |g Roč. 56, č. 10 (2010), s. 1078-1081 
954 |a odborná, vedecká literatúra cudzojazyčná (svetová)  |2 lita 
958 |a OND 
958 |a EUIPO 
958 |a article14 
999 |c 1914913  |d 1916843